Cancionero de Aragón
Saved in:
| Hovedforfatter: | |
|---|---|
| Format: | Bog |
| Sprog: | spansk |
| Udgivet: |
Barcelona
Tico Música
2004
|
| Udgivelse: | 2a. ed |
| Serier: | Folklore Musical Español
|
| Fag: | |
| Tags: |
Tilføj Tag
Ingen Tags, Vær først til at tagge denne postø!
|
MARC
| LEADER | 00000nam a2200000 a 4500 | ||
|---|---|---|---|
| 001 | UCK7190 | ||
| 003 | CL-VaPUC | ||
| 008 | 051111e20040000SP |||||||||||||||||spa|d | ||
| 020 | |a 8495105829 | ||
| 082 | 0 | 4 | |a 781.6261 |b HID |2 21 |
| 100 | |a Hidalgo Montoya, Juan |e author |9 496640 | ||
| 245 | 1 | 0 | |a Cancionero de Aragón |
| 250 | |a 2a. ed | ||
| 300 | |a 154 p | ||
| 942 | |c BK | ||
| 945 | |d 20051111 00:00:00 |a cmena | ||
| 260 | |a Barcelona |b Tico Música |c 2004 | ||
| 650 | 7 | |a CANCIONES |2 CL-VaPUC |9 496639 | |
| 650 | 0 | |a Música popular |9 356085 | |
| 650 | 0 | |a Música folklórica |9 306412 | |
| 650 | 0 | |a Partituras |9 324008 | |
| 650 | 0 | |a Música española |9 306755 | |
| 651 | 0 | |a Aragón |9 323383 | |
| 651 | 0 | |a España |9 254926 | |
| 583 | |a last modification |c 20051111 00:00:00 |k Rodrigo Vera | ||
| 490 | 0 | |a Folklore Musical Español | |
| 999 | |c 315230 |d 315228 | ||
| 952 | |0 0 |1 0 |4 0 |6 781_626100000000000_HID_2004 |7 0 |8 A |9 388218 |a BIBEDU |b BIBEDU |d 2019-11-22 |i 4163338 |o 781.6261 HID 2004 |p 4163338 |r 2023-01-12 |w 2019-11-22 |y BK |k MUS | ||